Normale Ansicht MARC-Ansicht ISBD

Dtv-Weltgeschichte des 20. Jahrhunderts. Sowjetrußland : Struktur und Entfaltung einer Weltmacht (Titelsatznr. 25866)

[ MARC ]
MARC-Details
000 -Satzkennung
Kontrollfeld mit fester Länge 00737nam a22002291cc4500
001 - Kontrollnummer
Kontrollfeld adtvweltgd20jh00075+08
003 - Kontrollnummer Identifier
Kontrollfeld RU-10907106
005 - Datum und Zeit der letzten Transaktion
Kontrollfeld 20230127142514.0
008 - Feld mit fester Länge zur physischen Beschreibung - Allgemeine Angaben
Kontrollfeld mit fester Länge 150916s1967 gw |||| 000u ger d
035 ## - Systemkontrollnummer
System-Kontrollnummer adtvweltgd20jh00075
040 ## - Katalogisierungsquelle
Übertragungsstelle RU-10907106
041 ## - Sprachcode
Sprachcode des Textes/der Tonspur oder des separaten Titels ger
100 1# - Haupteintragung - Personenname
Personenname Ruffmann, Gottfried-Karl
Koha-Normdatenidentnummer 19997
245 00 - Titel
Titel Dtv-Weltgeschichte des 20. Jahrhunderts. Sowjetrußland : Struktur und Entfaltung einer Weltmacht
246 12 - Titelvarianten
Hauptsachtitel/Kurztitel Dtv-Weltgeschichte des 20. Jahrhunderts. Sowjetrußland : Struktur und Entfaltung einer Weltmacht
Zählung des Teils/der Abteilung eines Werkes 08
250 ## - Ausgabebezeichnung
Ausgabebezeichnung 2. Aufl.
264 ## - Produktion, Veröffentlichung, Distribution, Herstellung und Urheberrechtsvermerk
Herstellungs-, Veröffentlichungs- Vertriebs-, Erzeugungsort München :
Produzent, Herausgeber, Distributor, Hersteller DTV,
Datum der Herstellung, der Veröffentlichung, des Vertriebs oder des Urheberschutzvermerks 1967
300 ## - Physische Beschreibung
Umfang 290 S.
651 #0 - Nebeneintragung unter einem Schlagwort - Geografischer Name
Geografischer Name Sowjetunion
773 08 - Übergeordnete Einheit
Datensatzkontrollnummer adtvweltgd20jh00075
Zählung und erste Seite 08
942 ## - Zusätzliche Felder (Koha)
Koha-Medientyp Monographien
Klassifikation oder Aufstellungssystematik Andere/Generische Klassifikation
Exemplare
Ausgeschieden Verloren Klassifikation oder Aufstellungssystematik Beschädigt Nicht entleihbar Heimatbibliothek Aufenthaltsbibliothek Aufstellungsort Erwerbungsdatum Inventarnummer Signatur Barcode Letzte Aktivität Preis gültig von Koha-Medientyp
    Andere/Generische Klassifikation     MWN Osteuropa MWN Osteuropa Lesesaal - 1 16/09/2015 15-00906 Ersatzß W 60 B ac 102 (8) E0040150790F0D47 23/02/2021 22/03/2021 Monographien